000 01171nam a22002537a 4500
005 20090121151350.0
008 090121t xxu||||| |||| 00| 0 hin d
010 _aHIN-93826
020 _c795.00
_a8182770327
035 _aHN-66172
037 _bDBAD /PUB
040 _aDPL
_bHN
082 _a371.3
100 _933818
_aमिश्रा, महेन्द्र कुमार
245 _aसूक्ष्म शिक्षण एवं शिक्षण कौशल /
_cमहेन्द्र कुमार मिश्रा
260 _aजयपुर
_bक्लासिक कलैक्शन
_c2011
270 _aओ-16 ए/2 मधुविला, अग्रसेन सर्किल के पास, मालवीय नगर
_bजयपुर
300 _a154पृ.
_c22सेमी (सजिल्द)
650 _9697
650 _933922
700 _933853
942 _2ddc
_cHN
_mमिश्राम
_h371.3
999 _c56136
_d56136